000 00801nam a22001817a 4500
999 _c62927
_d62927
003 Ge_BSU
005 20250324151425.0
008 250324s2018 ge ||||| |||| 00| 0 geo d
041 _ageo
080 _a581.6:615.32(479.22) თ-68
100 _aთოდუა, ვაჟა
_924655
245 _aგამორჩეული 5 მცენარე- 5 სამკურნალო ვარსკვლავი /
_cვაჟა თოდუა; მთავარი რედ. რეზო ჯაბნიძე.
264 _a[თბილისი],
_c2018.
300 _a168 გვ. :
_bილ.;
_c21 სმ.
653 _aსამკურნალო მცენარეები
700 _aჯაბნიძე, რეზო
_eრედაქტორი
_92484
942 _2udc
_cBK